| 000 | 00880nam a2200229Ia 4500 | ||
|---|---|---|---|
| 999 |
_c53141 _d53141 |
||
| 001 | 20180 | ||
| 003 | GE_BSU | ||
| 005 | 20250715162355.0 | ||
| 008 | 181216s1999||||ge |||||||||||||| ||geo|| | ||
| 020 | _a9992828080 | ||
| 040 | _cGE_BSU | ||
| 041 | _ageo | ||
| 080 | _a81'374(038)=353.1=111 ქ-27 | ||
| 245 |
_aქართულ-ინგლისური ლექსიკონი / _cშემდგ. : თამარ და ისიდორე გვარჯალაძეები. |
||
| 264 |
_aთბილისი : _bსაქართველოს მაცნე, _c1999. |
||
| 300 |
_a527გვ. ; _c22 სმ. |
||
| 520 | _aპარალ სათ. ინგლ. ენ. | ||
| 541 | _h20 ლ. | ||
| 653 | _aქართული ენა | ||
| 653 | _aქართულ-ინგლისური ლექსიკონი | ||
| 942 |
_cBK _2udc |
||